Statistics for Constitutional Amendments

Click here to take the quiz!

General Stats

  • This quiz has been taken 3,905 times
    (3,902 since last reset)
  • The average score is 15 of 27

Answer Stats

Hint Answer % Correct
2ndRight to bear ____arms
99%
15thGave all races the right to ____vote
86%
22ndNo ____ may serve more than two termspresident
84%
3rdNo quartering of ____soldiers
84%
19thGave ____ the right to votewomen
84%
4thNo search or seizure without a proper ____warrant
82%
21stRepealed the ____(#) amendment18
79%
12thElection of the president and ____ ____vice president
75%
7thTrials by ____ in civil casesjury
74%
10thPowers reserved to the ____state
74%
26thChanged the ____ ____ to 18voting age
70%
1stFreedom of speech, religion, press, ____, and petitionassembly
68%
18th____ of intoxicating liquorsprohibition
68%
8thNo ____ or ____ punishmentscruel, unusual
67%
13thProhibited ____slavery
64%
23rdGave D.C. 3 votes in the ____ ____Electoral College
59%
14thEqual ____ under the lawprotection
51%
17thPopular election of ____senators
51%
27thRegulated Congressional ____salaries
36%
16thEstablished federal ____ ____income tax
34%
5ndDefined the ____ ____ of lawdue process
32%
6thSpeedy and ____ trialpublic
26%
24thOutlawed the ____ ____poll tax
22%
25thPresidential ____ and disabilitysuccession
22%
9th____ rightsunenumerated
13%
20thCommencement of ____terms
12%
11thProcedure for state ____lawsuits
7%

Score Distribution

Percentile by Number Answered

Percent of People with Each Score

Your Score History

You have not taken this quiz since the last reset